00825nam a22002657a 45000010005000000030006000050050017000110080041000280200018000690400029000870500017001160820011001331000017001442450074001612600050002353000049002854900027003345050008003615200069003695210020004385210020004586500037004786500030005157000014005457111FISKH20250624084717.0250624b cb ||||| |||| 00| 0 eng d a9780395259375 aFISKHbengcFISKHdFISKH a PZ7.R3302 C a813.52 aRey, Margret aCurious George flies a kite / cBy Rey, Margret : Pictures by H.A.Rey aBoston : bHoughton Mufflin Company , c1958. a80 pages : bcolor illustrations ;c23 cm .  aCurious GeorgevBook 5 aK  aA little monkey needs to be rescued when he tries to fly a kite.8 a510 bLexile 8 aK bRaz-Plus  aCurious GeorgevJuvenile Fiction aMonkeysvJuvenile Fiction aRey, H.A.